Movies Quiz

Random Movies or Pixar Quiz

Mis-Matched Animated Movie Titles Quiz Stats

 Plays Quiz Updated Nov 28, 2018

Score 0/20 Timer 02:00
16 Plays Today
% Correct
Bee Life
91.1%
Kung Fu Dinosaur
90.9%
How to Train Your Giant
88.7%
Shrek in Boots
88%
Wreck-It Express
87.9%
The Lego Age
87.7%
Despicable Time
87.5%
Rise of Nemo
84.9%
Mr. Peabody Hears a Who!
83.9%
Penguins of Heaven
83%
% Correct
A Monster Web
81%
Flushed University
80.2%
Over the Story
79.8%
Chicken Tale
77.9%
Corpse Toaster
71.7%
The Road to Aliens
69.8%
The Prince Out
68%
Ferngully: The Last Feet
65.2%
The Secret Baby
60.4%
An American Movie
58.8%

You're not logged in!

Compare scores with friends on all Sporcle quizzes.
OR
Log In

You Might Also Like...

Show Comments

Extras

Top Quizzes Today


Score Distribution

Your Account Isn't Verified!

In order to create a playlist on Sporcle, you need to verify the email address you used during registration. Go to your Sporcle Settings to finish the process.

Report this User

Report this user for behavior that violates our Community Guidelines.

Details: